| 000 | 00990nam a2200265Ia 4500 | ||
|---|---|---|---|
| 003 | OSt | ||
| 005 | 20220923215909.0 | ||
| 006 | a|||||r|||| 00| 0 | ||
| 007 | ta | ||
| 008 | 220922b |||||||| |||| 00| 0 hin d | ||
| 024 | _a182,669 | ||
| 037 | _cTextual | ||
| 040 |
_aARTS _cARTS _bhin |
||
| 041 |
_2hin _ahin |
||
| 082 | _aO152,1:gN, L2;M6 | ||
| 100 |
_aशर्मा, हरिचरण _9156318 |
||
| 245 | 0 | _aनयी कविता का मूल्यंकान परम्परा और प्रगति की भूमिका पर | |
| 246 | _aNayī kavitā kā mūlyankān paramparā aur pragati kī bhūmikā para | ||
| 250 | _aसंस्क0 2 | ||
| 260 |
_aनई दिल्ली _b आशा प्रकाशन _c1986 |
||
| 300 |
_a488 पृ. _ccm. |
||
| 650 |
_aहिन्दी साहित्य _9156264 |
||
| 942 |
_hO152,1:gN, L2;M6 _cTEXL _2CC |
||
| 999 |
_c336033 _d336033 |
||